Animated Movie by Emoji 2 - Statistics

General Stats
  • This quiz has been taken 43 times
  • The average score is 7 of 15
Answer Stats
Hint Answer % Correct
👡🕛🎃 Cinderella
78%
Frozen
70%
🐼🥋 Kung fu panda
70%
🦁👑 König der Löwen
65%
🎪🐘 Dumbo
62%
🐻👦🏻🐍🦧 Dschungelbuch
54%
👸🏼😴🌹 Dornröschen
51%
💀🎸👦🏻 Coco
49%
🥀 Die Schöne und das Biest
41%
👨‍👩‍👧‍👦💪🏻ℹ️ Die Unglaublichen
38%
🚪😱🏭 Monster AG
27%
🐸👑🐊🎺 Küss den Frosch
24%
👨🏼💪🏻 Hercules
11%
🏇🏻🐻🍰 Merida
8%
💃🏻🐐⛪ Der Glöckner von Notredame
5%
No matching quizzes found
Score Distribution
Percent of People with Each Score
Percentile by Number Answered
Your Score History
You have not taken this quiz